00462nam a22001697a 450000500170000001000170001702000260003403500170006003700080007708200110008510000180009624500500011426000380016427000400020230000300024250000200027220110112111733.0 aB-419650-662 a9788131718650c425.00 aB-419650-662 bUBH a006.74 aKahate, Atul  aXML & related technologies /cby Atul Kahate  aDelhi bPearson Educations c2009 a482 FIF, PatparganjbDelhi e110092 axxvii, 498p. c26cm(pbk)  aIncludes index